| 000 | 00605nam a22001817a 4500 | ||
|---|---|---|---|
| 005 | 20161124120802.0 | ||
| 010 | _aENG-116631 | ||
| 020 |
_a9789350358023 _c1795.00 |
||
| 035 | _aEN-100163 | ||
| 037 | _bDBAD/PUB | ||
| 082 | _a346.54066 | ||
| 245 |
_aCorporate law referencer : _cby Shridhant Joshi _bfy 2016-17 [update up to 15th september,2016] / |
||
| 250 | _a2nd ed | ||
| 260 |
_aGurgaon _bLexisNexis _c2016 |
||
| 270 |
_a14th Floor, Building No.10, Tower-B, DLF Cyber City, Phase-II _bGurgaon _e122002 |
||
| 300 |
_aVarious Pagings _c24cm(pbk) |
||
| 942 |
_2ddc _cEN _mCOR _h346.54066 |
||
| 999 |
_c104743 _d104743 |
||